SALES AND DISTRIBUTION MANAGEMENT: TEXT AND CASES (Record no. 10637)

MARC details
000 -LEADER
fixed length control field 00381nam a22001577a 4500
003 - CONTROL NUMBER IDENTIFIER
control field SGT
020 ## - INTERNATIONAL STANDARD BOOK NUMBER
International Standard Book Number 9788174468703
082 ## - DEWEY DECIMAL CLASSIFICATION NUMBER
Classification number 658.81 GUP
100 ## - MAIN ENTRY--PERSONAL NAME
Personal name GUPTA,S.L
245 ## - TITLE STATEMENT
Title SALES AND DISTRIBUTION MANAGEMENT: TEXT AND CASES
250 ## - EDITION STATEMENT
Edition statement 2ND
260 ## - PUBLICATION, DISTRIBUTION, ETC. (IMPRINT)
Place of publication, distribution, etc NEW DELHI
Name of publisher, distributor, etc EXCEL BOOKS
Year of Publication 2013
300 ## - PAGE DESCRIPTION
No. of Pages 814
650 ## - SUBJECT ADDED ENTRY--TOPICAL TERM
Topical term or geographic name as entry element SALES AND DISTRIBUTION MANAGEMENT
942 ## - ADDED ENTRY ELEMENTS (KOHA)
Source of classification or shelving scheme Dewey Decimal Classification
Koha item type FCM Books
Holdings
Withdrawn status Lost status Source of classification or shelving scheme Damaged status Not for loan Collection code Home library Current library Shelving location Date acquired Vendor Name Cost, normal purchase price SGTU Bill Number Total Checkouts Full call number Accession No. (Barcode) Date last seen Date last borrowed Bill Date Koha item type
    Dewey Decimal Classification     COMMERCE MANAGEMENT SGT Science & Social Sciences Library SGT Science & Social Sciences Library On Display 27/01/2017 INDIAN PUBLISHERS & DISTRIBUTERS 520.00 SGTU 117 3 658.81 GUP CM3207 14/11/2025 17/09/2025 20/12/2016 FCM Books
    Dewey Decimal Classification   Not For Loan COMMERCE MANAGEMENT SGT Science & Social Sciences Library SGT Science & Social Sciences Library Reference Book 27/01/2017 INDIAN PUBLISHERS & DISTRIBUTERS 520.00 SGTU 117   658.81 GUP CM3208 27/01/2017   20/12/2016 FCM Books